Statistiche per I nomi più comuni in Spagna

Clicka qui per fare il quiz!

Statistiche generali

  • Questo quiz è stato fatto 52 volte
  • Il punteggio medio è 18 su 40

Statistiche sulle risposte

nome% Corretto
Juan
89%
María
84%
Pablo
73%
Francisco
70%
José
70%
Pedro
68%
Miguel
66%
Ana
64%
Carlos
64%
Luis
61%
Alejandro
59%
Antonio
59%
Javier
59%
Francisca
57%
David
52%
Fernando
52%
Carmen
50%
Jorge
48%
Sergio
45%
Daniel
43%
Laura
43%
Manuel
43%
Lucía
41%
Paula
41%
Dolores
39%
Teresa
34%
Pilar
30%
Isabel
27%
Ángel
25%
Jesús
25%
Josefa
25%
Luisa
25%
Antonia
23%
Elena
23%
Sara
23%
Rafael
20%
Cristina
18%
Marta
14%
Angeles
5%
Concepción
5%

Distribuzione punteggi

Percentile per numero di risposta

Percentuale di utenti per punteggio

I tuoi punteggi nel tempo

Non hai fatto questo quiz